000 00612nam a2200157 a 4500
008 091207s1983 ||||||||||||||||| || u
050 _aUNZA-HIST(08)OP
100 _aMuntemba, Shimwayi
245 1 0 _aZambian land and labour studies, vol iv
_cEdited by Shimwayi Muntemba
260 _aLusaka
_bUNZA
_c1983
300 _a74p.
350 _a0.00
490 _aUniversity of Zambia. History Department occasional papers
650 _aURBAN POOR--ZAMBIA
995 _D0.00
_FCBU-MAIN LIBRARY (Kitwe)
_H1
_I0.00
_M1
_UAVAILABLE
_WDec 7, 2009
_ZZambiana Collection
999 _c62422
_d62422